ISO 9001:2000 : a practical quality manual explained /

Bibliographic Details
Main Author: Grimes, Kevin R (Author)
Format: Book
Language:English
Published: Milwaukee, Wisc. : ASQ Quality Press, [2003]
Subjects:

MARC

Tag First Indicator Second Indicator Subfields
LEADER 00000cam a22000004i 4500
001 in00004816921
008 020617s2003 wiua f 001 0 eng
005 20240808224854.8
010 |a  2002009537 
035 |a (OCoLC)ocm50041515  
040 |a DLC  |b eng  |e rda  |c DLC  |d BAKER  |d BTCTA  |d YDXCP  |d EMC  |d IG#  |d OCLCF  |d I8M  |d OCLCQ  |d GILDS  |d OCLCO  |d OCLCA  |d OCLCQ  |d OCLCO  |d OCLCL 
020 |a 087389555X 
020 |a 9780873895552 
029 1 |a AU@  |b 000023700770 
029 1 |a YDXCP  |b 2025008 
035 |a (OCoLC)50041515 
042 |a pcc 
050 0 0 |a TS156.6  |b .G78 2003 
082 0 0 |a 658.5/62  |2 21 
049 |a MAIN 
100 1 |a Grimes, Kevin R,  |e author 
245 1 0 |a ISO 9001:2000 :  |b a practical quality manual explained /  |c Kevin R. Grimes. 
264 1 |a Milwaukee, Wisc. :  |b ASQ Quality Press,  |c [2003] 
264 4 |c ©2003 
300 |a xi, 282 pages :  |b illustrations ;  |c 27 cm 
336 |a text  |b txt  |2 rdacontent 
337 |a unmediated  |b n  |2 rdamedia 
338 |a volume  |b nc  |2 rdacarrier 
590 |b TAG Physical Holdings 2 
650 0 |a ISO 9001 Standard  |v Handbooks, manuals, etc. 
650 6 |a Norme ISO 9001  |v Guides, manuels, etc. 
650 7 |a ISO 9001 Standard.  |2 fast  |0 (OCoLC)fst00966408 
655 2 |a Handbook 
655 7 |a Handbooks and manuals.  |2 fast  |0 (OCoLC)fst01423877 
655 7 |a Handbooks and manuals.  |2 lcgft  |0 http://id.loc.gov/authorities/genreForms/gf2014026109 
655 7 |a Guides et manuels.  |2 rvmgf 
758 |i has work:  |a ISO 9001:2000 (Text)  |1 https://id.oclc.org/worldcat/entity/E39PCYcFtX8YvH6Xc7qJxgD4jd  |4 https://id.oclc.org/worldcat/ontology/hasWork 
938 |a Baker & Taylor  |b BKTY  |c 57.75  |d 43.31  |i 087389555X  |n 0004149623  |s active 
938 |a Baker and Taylor  |b BTCP  |n 2002009537 
938 |a Ingram  |b INGR  |n 9780873895552 
938 |a YBP Library Services  |b YANK  |n 2025008 
994 |a 92  |b TAG 
852 |a TAG  |b TAGC  |c galv,stk  |h TS156.6 .G78 2003  |t c.1 
876 |c 33.55  |p 33620001158019  |x Acc# 2007-1490  |v unmediated -- volume 
999 f f |s 3ce8bea9-1a1d-4301-90a4-f2105f8ce370  |i 14be2f4f-09de-424d-ab07-ca38fb9e1239  |t 0 
952 f f |p normal  |a Texas A&M University  |b Galveston Campus  |c Jack K. Williams Library  |d Galveston Stacks  |t 0  |e TS156.6 .G78 2003  |h Library of Congress classification  |i unmediated -- volume  |m 33620001158019 
998 f f |a TS156.6 .G78 2003  |t 0  |l Galveston Stacks